LEADER 02520nam 2200529 a 450 001 9910781760303321 005 20230725051152.0 035 $a(CKB)2550000000046085 035 $a(EBL)864250 035 $a(OCoLC)779141422 035 $a(SSID)ssj0000672905 035 $a(PQKBManifestationID)11402333 035 $a(PQKBTitleCode)TC0000672905 035 $a(PQKBWorkID)10642715 035 $a(PQKB)11227547 035 $a(MiAaPQ)EBC864250 035 $a(Au-PeEL)EBL864250 035 $a(CaPaEBR)ebr10493966 035 $a(EXLCZ)992550000000046085 100 $a20110930d2011 uy 0 101 0 $aeng 135 $aurcn||||||||| 181 $ctxt 182 $cc 183 $acr 200 10$aField propulsion system for space travel$b[electronic resource] $ephysics of non-conventional propulsion methods for interstellar travel /$fedited and authored by Takaaki Musha & Yoshinari Minami 210 $a[Sharjah, United Arab Emirates $cBentham Books$d2011] 215 $a1 online resource (155 p.) 300 $aDescription based upon print version of record. 311 $a1-60805-566-3 311 $a1-60805-270-2 320 $aIncludes bibliographical references and index. 327 $a01 Title.pdf; 02 Title pages; 03 eBooks End User License Agreement-Website; 04 Contents; 05 Foreword; 06 Preface; 07 Acknowledgements; 08 Chap 01; 09 Chap 02; 10 Chap 03; 11 Chap 04; 12 Chap 05; 13 Chap 06; 14 Conclusions; 15 REFERENCES; 16 Bibliographies; 17 Appendices; 18 Index 330 $aThis e-book presents an overview of field propulsion systems for the use of space travel and interstellar travel. Such systems include warp drive and anti-gravity schemes, and rely on momentum transfer from the spacecraft to the external force field and from there to other masses in the cosmos in order to satisfy conservation of momentum. This cannot be achieved by the conventional methods like chemical propulsion and electric propulsion. The e-book should be a valuable source of information for researchers interested in spaceflight and propulsion physics. 606 $aSpace vehicles$xPropulsion systems 615 0$aSpace vehicles$xPropulsion systems. 676 $a629.4/1 676 $a629.41 700 $aMusha$b Takaaki$01509335 701 $aMinami$b Yoshinari$01509336 801 0$bMiAaPQ 801 1$bMiAaPQ 801 2$bMiAaPQ 906 $aBOOK 912 $a9910781760303321 996 $aField propulsion system for space travel$93741140 997 $aUNINA